00573nam a2200157 a 45000010005000000030005000050050017000100080041000270400020000682450102000882600060001903000010002506500049002607100064003097100042003735723CDMR20151016124801.0130130s ||||||||||||||||||||||||||||d aCDMRbcatcCDMR00aManual d'estil sobre el tractament de les minories ètniques als mitjans de comunicació social aBarcelonabCol.legi de Periodistes de Catalunyac[s.d.] a12 p.04aMitjans de comunicació de massa i minories1 aCatalunyab -- Generalitatb Departament de Benestar Social2 aCol·legi de Periodistes de Catalunya